00202nam a22000857a 4500020001800000100002300018245002200041260003100063490002200094 a9780590629850 aOsborne, Mary Pope aPirates Past Noon aNew YorkbScholasticc1994 aMagic Tree House